000 00614cam a22002053a 4500
001 39323
003 PGUSA
005 20140828083856.0
008 120401s2012||||xxu|||||s|||||000 | eng d
040 _aPGUSA
_beng
042 _adc
100 1 _aTaggart, Marion Ames,
_d1866-1945
245 1 2 _aA Pilgrim Maid :
_bA Story of Plymouth Colony in 1620
_h[electronic resource] /
_cMarion Ames Taggart
260 _bProject Gutenberg,
_c2012
506 _aPublic domain in the USA.
516 _aElectronic text
830 0 _aProject Gutenberg
_v39323
856 4 0 _uhttp://www.gutenberg.org/ebooks/39323
942 _cEB
999 _c268576
_d268576